000 01021nam a2200229Ia 4500
001 L248-15544
003 IT-CnALBA
008 170116s9999||||xx |||||||||||||| ||und||
040 _aIT-CnALBA
_cIT-CnALBA
041 _aITALIANO
100 _aLIPPERT PETER, CSSR.
245 0 _aCONVERSAZIONI A TAVOLA.
250 _a1a ed.
260 _a TORINO. ROMA
_bBORLA EDITORE
_c1954 [1° Ed.:1954 - Ed.Ling.Originale: 1936]
300 _a220 p. (prefazione: 7)
500 _aTRADUZIONE DAL TEDESCO. ATTORNO A UN TAVOLO. SORRISO DELLE CREATURE. FRAGILITA' E POTENZA. TENTAZIONI DEI SANTI. STRADE DI EMMAUS. VECCHI ULVI. MARTIRI E CONFESSORI.
501 _aSocietà San Paolo EM - Piazza San Paolo, 14 - 12051 ALBA (CN) (non commercial uses only) ® Copyright 2017
520 _aTRADUZIONE DAL TEDESCO. ATTORNO A UN TAVOLO. SORRISO DELLE CREATURE. FRAGILITA' E POTENZA. TENTAZIONI DEI SANTI. STRADE DI EMMAUS. VECCHI ULVI. MARTIRI E CONFESSORI.
650 _aASCETICA E MISTICA
942 _cBK
957 _71
999 _a20294
_bNO
_g Copie: 1
_c274713
_d274713